000 00979nam a2200277Ia 4500
003 OSt
005 20221005110801.0
006 a|||||r|||| 00| 0
007 ta
008 221004b |||||||| |||| 00| 0 hin d
020 _a9789387462359 (hbk)
_cINR 395.00
024 _a43349
037 _bBR/7268, 16/02/2019, Rajkamal Prakashan Pvt. Ltd.
_cTextual
040 _aCRL
_cCRL
_bhin
041 _2hin
_ahin
082 _aO152,3N50,NA, Q8
100 _aजोशी, प्रभु, ले.
245 0 _aनान्य
246 _aNānya
260 _aनई दिल्ली
_bराजकमल प्रकाशन भारत
_c2018
300 _a167पृ0
_ccm.
650 _a हिन्दी साहित्य
650 _aहिन्दी कहानी
942 _hO152,3N50,NA, Q8
_cTEXL
_2cc
999 _c1019881
_d1019881